| 000 | 00403nam a2200133 a 4500 | ||
|---|---|---|---|
| 005 | 20140414132105.0 | ||
| 008 | 090218s19uu xx 00 eng d | ||
| 050 |
_aFIC _bP64 2001 |
||
| 100 | _aPilkey, Dav | ||
| 245 |
_aCaptain underpants and the wrath of the wicked wedgie woman : _bthe fifth epic novel. |
||
| 260 |
_aNew York : _bScholastic , _c2001. |
||
| 440 | _aCaptain Underpants | ||
| 999 |
_c114594 _d114594 |
||